|
|
|
|
| LEADER |
00000cam a2200000 c 4500 |
| 001 |
1622679334 |
| 003 |
DE-627 |
| 005 |
20260206205019.0 |
| 007 |
tu |
| 008 |
861106s1985 xx ||||| m 00| ||ger c |
| 015 |
|
|
|a 86,H09,0153
|2 dnb
|
| 016 |
7 |
|
|a 860845567
|2 DE-101
|
| 035 |
|
|
|a (DE-627)1622679334
|
| 035 |
|
|
|a (DE-603)005142989
|
| 035 |
|
|
|a (DE-576)012287814
|
| 035 |
|
|
|a (DE-599)DNB860845567
|
| 035 |
|
|
|a (OCoLC)1046221374
|
| 035 |
|
|
|a (OCoLC)310746557
|
| 040 |
|
|
|a DE-627
|b ger
|c DE-627
|e rakwb
|
| 041 |
|
|
|a ger
|
| 084 |
|
|
|a PH 3910
|2 rvk
|0 (DE-625)rvk/136093:
|
| 100 |
1 |
|
|a Schmidt, Karlheinz
|d 1954-
|0 (DE-588)1204643032
|0 (DE-627)1690020385
|4 aut
|
| 109 |
|
|
|a Schmidt, Karlheinz 1954-
|
| 245 |
1 |
0 |
|a Zur Täterfrage beim räuberischen Diebstahl
|c Karlheinz Schmidt
|
| 264 |
|
1 |
|a [Erscheinungsort nicht ermittelbar]
|c 1985
|
| 300 |
|
|
|a 151 S.
|
| 336 |
|
|
|a Text
|b txt
|2 rdacontent
|
| 337 |
|
|
|a ohne Hilfsmittel zu benutzen
|b n
|2 rdamedia
|
| 338 |
|
|
|a Band
|b nc
|2 rdacarrier
|
| 502 |
|
|
|a Gießen, Univ., Diss., 1985
|
| 650 |
0 |
7 |
|0 (DE-588)4440708-7
|0 (DE-627)224069586
|0 (DE-576)212467360
|a Räuberischer Diebstahl
|2 gnd
|
| 651 |
|
7 |
|0 (DE-588)4011889-7
|0 (DE-627)104732423
|0 (DE-576)208896201
|a Deutschland
|g Bundesrepublik
|2 gnd
|
| 655 |
|
7 |
|a Hochschulschrift
|0 (DE-588)4113937-9
|0 (DE-627)105825778
|0 (DE-576)209480580
|2 gnd-content
|
| 689 |
0 |
0 |
|d g
|0 (DE-588)4011889-7
|0 (DE-627)104732423
|0 (DE-576)208896201
|a Deutschland
|g Bundesrepublik
|2 gnd
|
| 689 |
0 |
1 |
|d s
|0 (DE-588)4440708-7
|0 (DE-627)224069586
|0 (DE-576)212467360
|a Räuberischer Diebstahl
|2 gnd
|
| 689 |
0 |
|
|5 (DE-627)
|
| 751 |
|
|
|a Gießen
|0 (DE-588)4020989-1
|0 (DE-627)106316036
|0 (DE-576)208935665
|4 uvp
|
| 935 |
|
|
|h HEB
|i 0501
|
| 935 |
|
|
|h HEB
|i 0503
|
| 936 |
r |
v |
|a PH 3910
|b Diebstahl, Unterschlagung
|k Rechtswissenschaft
|k Strafrecht, Strafverfahrensrecht, Kriminologie
|k Strafrecht
|k Straftaten gegen Eigentum und Vermögen
|k Diebstahl, Unterschlagung
|0 (DE-627)1271739011
|0 (DE-625)rvk/136093:
|0 (DE-576)201739011
|
| 936 |
s |
n |
|a p100
|2 mzub
|
| 951 |
|
|
|a BO
|
| ELC |
|
|
|b 1
|
| LOK |
|
|
|0 000 xxxxxcx a22 zn 4500
|
| LOK |
|
|
|0 001 3246853118
|
| LOK |
|
|
|0 003 DE-627
|
| LOK |
|
|
|0 004 1622679334
|
| LOK |
|
|
|0 005 20131015164829
|
| LOK |
|
|
|0 008 131015||||||||||||||||ger|||||||
|
| LOK |
|
|
|0 040
|a DE-21-110
|c DE-627
|d DE-21-110
|
| LOK |
|
|
|0 689
|a s
|a Raub
|
| LOK |
|
|
|0 852
|z Kein Bestand am IfK; Nachweis für KrimDok
|
| LOK |
|
|
|0 852
|a DE-21-110
|
| LOK |
|
|
|0 852 1
|9 00
|
| LOK |
|
|
|0 935
|a k110
|
| LOK |
|
|
|0 939
|a 15-10-13
|b l01
|
| ORI |
|
|
|a SA-MARC-krimdoka001.raw
|
| TIM |
|
|
|a 100019490523_100019901002
|b 1949-05-23 - 1990-10-02
|